Valorant Logo Quiz - Statistics

General Stats
  • This quiz has been taken 841 times
    744 since last reset
  • The average score is 22 of 40
Answer Stats
Picture Answer % Correct
NRG
99%
100 Thieves
96%
Cloud9
89%
Sentinels
86%
Fnatic
85%
LOUD
85%
Team Liquid
85%
KOI
84%
FURIA Esports
81%
Leviatán
76%
OpTic Gaming
76%
Talon Esports
76%
Team Secret
75%
Wolves Esports
75%
Bilibili Gaming
74%
Bleed Esports
73%
Gambit Esports
67%
disguised
63%
XSET
62%
Apeks
61%
Dragon Ranger Gaming
61%
Luminosity
52%
Guild Esports
51%
Moist Moguls
43%
XERXIA
38%
FOKUS
34%
TSM
34%
FULL SENSE
32%
noot noot
31%
Team Vikings
31%
Spacestation Gaming
30%
Immortals
28%
Rare Atom
24%
Rise
22%
Maryville Esports/University
20%
NORTHEPTION
18%
NUTURN
16%
Chipi Chapa's
11%
Bren Esports
10%
Havan Liberty
10%
No matching quizzes found
Score Distribution
Percent of People with Each Score
Percentile by Number Answered
Your Score History
You have not taken this quiz since the last reset